| 000 | 00835nam a2200265 a 4500 | ||
|---|---|---|---|
| 008 | |||
| 020 | _a0471529931 (hbk.) | ||
| 049 | _aMAIN | ||
| 090 | _aTS156 | ||
| 100 | 1 | _aMontgomery, Douglas C. | |
| 245 | 1 | 0 |
_aIntroduction to statistical quality control / _cDouglas C. Montgomery. |
| 246 | 3 | 0 | _aStatistical quality control. |
| 250 | _a2nd. ed. | ||
| 260 |
_aNew York : _bJohn Wiley and sons, _c1991. |
||
| 300 |
_axxi, 674 p. : _bill.(some col.) ; _c25 cm. |
||
| 504 | _aIncludes bibliographical references. | ||
| 500 | _aIncludes index. | ||
| 650 | 0 |
_aQuality control _xStatistical methods. |
|
| 650 | 0 |
_aProcess control _xStatistical methods. |
|
| 907 |
_a.b10186591 _b19-01-06 _c19-01-06 |
||
| 003 | |||
| 005 | 20230123134143.0 | ||
| 040 | _cNUST | ||
| 942 |
_cBOOKS _kTS156 |
||
| 999 |
_c160974 _d160974 |
||